LEADER 01721nam a2200337 u 4500 001 000000076691 003 CaOOAMICUS 005 20070226123234.0 008 031216s1991 fr u000 u fre u 020 $a2711610829 035 $a10979576 040 $aPUL$bita 041 1 $afre$alat 100 0 $aThomas Aquinas,$cs.,$dc. 1225-1274.$0(OLS)http://pul/name/3373 240 10$aQuaestiones disputatae.$9(Thomas, Aquinas, s., c. 1225-1274).$lFrancese e latino$pDe veritate.$015-17.$0(OLS)http://pul/title/100560 245 10$aTrois questions disputées du De Veritate :$bQu. XV: Raison supérieure et raison inférieure, Qu. XVI: De la syndérèse, Qu. XVII: De la conscience /$csaint Thomas d'Aquin ; texte, traduction et notes par Jean Tonneau .. 260 $aParis :$bVrin,$c1991. 300 $a255 p. ;$c22 cm 490 1 $aBibliothèque des textes philosophiques 500 $aTesto latino con traduzione francese a fronte. 500 $aComprende indici. 504 $aBibliografia: p. [256]. 700 1 $aTonneau, Jean,$cO.P.$0(OLS)http://pul/name/31753 830 0$aBibliothèque des textes philosophiques.$0(OLS)http://pul/title/6498 850 $aPUL 852 $aPUL$W1$xDP1 Religione 1$y20$m485 B 36.4$j98507$nBK-PRI$b $qStampati$B98507$CPULBib$Z2$F98507 $HPUL92016 $81 900 $aTommaso d'Aquino,$cs.,$dc.1225-1274$93373 941 1 $a8 996 $6020$a2711610829$9(OLS)http://pul/number/100473 996 $6245$aTrois questions disputées du De Veritate :$bQu. XV: Raison supérieure et raison inférieure, Qu. XVI: De la syndérèse, Qu. XVII: De la conscience $9(OLS)http://pul/title/100561 996 $6260$aParis :$bVrin$9(OLS)http://pul/publisher/50780 LEADER 01701nam a2200373 u 4500 001 000000046701 003 CaOOAMICUS 005 20070226114813.0 008 990716s1989 it u000 u ita u 020 $a8834314565 035 $a10830018 040 $aPUL(R)$bita 100 1 $aDi Pietro, Maria Luisa.$0(OLS)http://pul/name/32006 245 13$aLa trasmissione della vita nell'insegnamento di Giovanni Paolo II /$cMaria Luisa Di Pietro e Elio Sgreccia. 260 $aMilano :$bVita e pensiero,$cc1989. 300 $axiii, 242 p. ;$c22 cm 490 1 $aScienza, medicina, etica ;$v5 500 $aSulla coperta: Centro di bioetica. 600 04$aIohannes Paulus PP.$bII,$cs.,$d1920-2005.$0(OLS)http://pul/subject/1393 650 4$aChiesa e questioni sociali$xChiesa cattolica.$0(OLS)http://pul/subject/2309 650 4$aProcreazione.$0(OLS)http://pul/subject/7240 700 1 $aSgreccia, Elio.$0(OLS)http://pul/name/6486 830 0$aScienza, medicina, etica ;$v5.$0(OLS)http://pul/title/12399 850 $aPUL 852 $aPUL$W1$xSL Religione 1$y3$m39 D 47$j62535$nBK-PRI$b $qStampati$B62535$CPULBib$Z2$F62535 $H $81 941 1 $a8 960 $aPapi (1978-2005 : Iohannes Paulus PP. II)$91393 960 $aPapi (1978-2005 : Iohannes Paulus PP. II)$91393 960 $aWojtyla, Karol,$d1920-2005$91393 960 $aGiovanni Paolo$bII,$cpapa, b.,$d1920-2005$91393 961 $aINV: 62773 996 $6020$a8834314565$9(OLS)http://pul/number/58230 996 $6245$aLa trasmissione della vita nell'insegnamento di Giovanni Paolo II$9(OLS)http://pul/title/62875 996 $6260$aMilano :$bVita e pensiero$9(OLS)http://pul/publisher/48016